000 01249njm a22002897a 4500
005 20100913155519.0
006 a|||||r|||||00| 0
007 sd ammalaaahaa
008 100901t xxu||||| |||| 00| 0 eng d
028 _a2221 061
_bPolydor
035 _aGR-02133
040 _aSED
_cSED
100 _aKishore Kumar
_917891
245 _aEk nazar /
_cby Kishore Kumar; music by Laxmikant Pyarelal; lyric by Majrooh Sultanpuri
_h[Sound recording]
246 _aएक नज़र / किशोर कुमार द्वारा
260 _aDUM DUM, India
_bPolydor
_c1972
300 _a1 Sound disc [Gramophone Recording] :
_banalog, 45 rpm
_c7 in. (SP)
_fGramophone Record
500 _aBrief record
500 _aRecord Labels : Polydor, Red
505 _aSide-1 एक नज़र एक नज़र (Ek nazar ek nazar) (Kishore Kumar) --Side-2 हमीं करें कोई सूरत (Hamin karen koi surat) (Lata Mangeshkar)
600 _aKishore Kumar
_919718
650 _aFilm Songs
_xExcerpts
_zIndia
_917892
700 _aLaxmikant Pyarelal
_919652
700 _aMajrooh Sultanpuri
_919653
942 _2ddc
_cGR
999 _c45469
_d45469